[Event "New York Int op 11th"]
[Site "New York"]
[Date "2018.06.13"]
[Round "1"]
[White "Mikhalevski, Victor"]
[Black "Colure, Thomas Sean"]
[Result "1-0"]
[WhiteElo "2581"]
[BlackElo "2238"]
[PlyCount "85"]
[EventDate "2018.06.13"]
[EventType "swiss"]
[EventRounds "9"]
[EventCountry "USA"]
[SourceTitle "CBM 185 Extra"]
[Source "ChessBase"]
[SourceDate "2018.07.29"]
[SourceVersion "1"]
[SourceVersionDate "2018.07.29"]
[SourceQuality "1"]

1. Nf3 Nf6 2. g3 g6 3. b3 Bg7 4. Bb2 d5 5. c4 c6 6. Bg2 0-0 7. d3 Nbd7 8. 0-0 Re8 9. Nc3 e5 10. cxd5 cxd5 11. Nb5 Qb6 12. Na3 Bf8 13. Qd2 a5 14. Rab1 Qb4 15. Qg5 h6 16. Qc1 Ra6 17. Nc2 Qb6 18. Qd2 Kh7 19. Rfc1 Ra8 20. Qd1 Bd6 21. a4 Nf8 22. Na3 Bd7 23. d4 e4 24. Ne5 Be6 25. Nb5 Rac8 26. Bc3 Ra8 27. Qe1 Be7 28. Bd2 Rec8 29. Rxc8 Bxc8 30. Nxf7 Bd7 31. b4 Bxb5 32. bxa5 Qe6 33. Rxb5 Qxf7 34. Rxb7 N8d7 35. Bh3 Qe8 36. Qb1 g5 37. Bf5+ Kh8 38. Qb5 Nf8 39. a6 Bd8 40. a7 Qxb5 41. axb5 Ne8 42. Rb8 Rxa7 43. Rxd8 1-0

[Event "Las Vegas National op"]
[Site "Las Vegas"]
[Date "1994.??.??"]
[Round "?"]
[White "Diamond, Jim A"]
[Black "Colure, Thomas Sean"]
[Result "1-0"]
[WhiteElo "2205"]
[BlackElo "2255"]
[PlyCount "69"]
[EventDate "1994.??.??"]
[EventType "swiss"]
[EventRounds "6"]
[EventCountry "USA"]
[SourceTitle "EXT 1997"]
[Source "ChessBase"]
[SourceDate "1996.11.15"]
[SourceVersion "1"]
[SourceVersionDate "1996.11.15"]
[SourceQuality "1"]

1. Nf3 Nf6 2. c4 d6 3. d4 g6 4. Nc3 Bg7 5. e4 0-0 6. Be2 e5 7. d5 Nbd7 8. Bg5 h6 9. Bh4 a5 10. Nd2 Nc5 11. f3 g5 12. Bf2 Nh5 13. g3 Bf6 14. f4 Nxf4 15. gxf4 exf4 16. Bxc5 dxc5 17. Bg4 Bd4 18. Bxc8 Rxc8 19. h4 Kg7 20. Qh5 Rh8 21. 0-0-0 Qf6 22. Kc2 Qg6 23. hxg5 hxg5 24. Qxg6+ Kxg6 25. Nf3 Bxc3 26. Kxc3 f6 27. Kd3 Rxh1 28. Rxh1 Re8 29. e5 f5 30. e6 g4 31. Ne5+ Kf6 32. Nf7 Re7 33. Rf1 f3 34. Ke3 c6 35. Rh1 1-0